Taub's Principles of communication systems (Record no. 5412)

MARC details
000 -LEADER
fixed length control field 00516nam a2200145Ia 4500
003 - CONTROL NUMBER IDENTIFIER
control field SGT
020 ## - INTERNATIONAL STANDARD BOOK NUMBER
International Standard Book Number 9780070648111
082 ## - DEWEY DECIMAL CLASSIFICATION NUMBER
Classification number 621.38
Item number TAU
245 ## - TITLE STATEMENT
Title Taub's Principles of communication systems
250 ## - EDITION STATEMENT
Edition statement 3rd Ed.
260 ## - PUBLICATION, DISTRIBUTION, ETC. (IMPRINT)
Name of publisher, distributor, etc Tata McGraw Hill Education Private Limited
Place of publication, distribution, etc New Delhi
Year of Publication 2009
650 ## - SUBJECT ADDED ENTRY--TOPICAL TERM
Topical term or geographic name as entry element ELECTRONICS ENGINEERING
653 ## - KEYWORDS--INDEX TERM
Keyword term INTRODUCTION: SIGNAL AND SPECTRA,RANDOM VARIABLES AND PROCESSES,AMPLITUDE-MODULATION SYSTEMS,ANGLE MODULATION,DIGITAL MODULATION AND TRANSMISSION,
942 ## - ADDED ENTRY ELEMENTS (KOHA)
Koha item type Books
Source of classification or shelving scheme Dewey Decimal Classification
942 ## - ADDED ENTRY ELEMENTS (KOHA)
-- 1
Holdings
Withdrawn status Lost status Source of classification or shelving scheme Damaged status Not for loan Home library Current library Date acquired SGTU Total Checkouts Full call number Accession No. (Barcode) Date last seen Bill Date Koha item type Date last borrowed
    Dewey Decimal Classification     SGT Engineering Library SGT Engineering Library 05/12/2012 SGTU   621.38 TAU FE4536 09/02/2015 09/02/2015 Books  
    Dewey Decimal Classification     SGT Engineering Library SGT Engineering Library 05/12/2012 SGTU   621.38 TAU FE4537 09/02/2015 09/02/2015 Books  
    Dewey Decimal Classification     SGT Engineering Library SGT Engineering Library 05/12/2012 SGTU   621.38 TAU FE4538 09/02/2015 09/02/2015 Books  
    Dewey Decimal Classification     SGT Engineering Library SGT Engineering Library 05/12/2012 SGTU   621.38 TAU FE4539 09/02/2015 09/02/2015 Books  
    Dewey Decimal Classification     SGT Engineering Library SGT Engineering Library 05/12/2012 SGTU 1 621.38 TAU FE4540 12/09/2023 09/02/2015 Books 12/09/2023
    Dewey Decimal Classification     SGT Engineering Library SGT Engineering Library 05/12/2012 SGTU 1 621.38 TAU FE4541 18/06/2025 09/02/2015 Books 18/06/2025
    Dewey Decimal Classification     SGT Engineering Library SGT Engineering Library 05/12/2012 SGTU   621.38 TAU FE4542 09/02/2015 09/02/2015 Books  
    Dewey Decimal Classification     SGT Engineering Library SGT Engineering Library 05/12/2012 SGTU   621.38 TAU FE4543 09/02/2015 09/02/2015 Books  
    Dewey Decimal Classification     SGT Engineering Library SGT Engineering Library 05/12/2012 SGTU   621.38 TAU FE4544 09/02/2015 09/02/2015 Books  
    Dewey Decimal Classification     SGT Engineering Library SGT Engineering Library 05/12/2012 SGTU   621.38 TAU FE4545 09/02/2015 09/02/2015 Books